LIBRARY ONLINE CATALOGUE

Landfill technology / (Record no. 6866)

MARC details
000 -LEADER
fixed length control field 00672cam a22002292 4500
001 - CONTROL NUMBER
control field 0000005143
005 - DATE AND TIME OF LATEST TRANSACTION
control field 20151217151953.0
008 - FIXED-LENGTH DATA ELEMENTS--GENERAL INFORMATION
fixed length control field 070606s xx 000 0 eng d
020 ## - INTERNATIONAL STANDARD BOOK NUMBER
International Standard Book Number 0408014075 :
040 ## - CATALOGING SOURCE
Original cataloging agency KABU
Transcribing agency KABU
050 #0 - LIBRARY OF CONGRESS CALL NUMBER
Classification number TD795.7
Item number .C73
100 1# - MAIN ENTRY--PERSONAL NAME
Personal name Crawford, John F.
-- 0000156265
245 10 - TITLE STATEMENT
Title Landfill technology /
Statement of responsibility, etc. John F. Crawford and Paul Smith.
260 ## - PUBLICATION, DISTRIBUTION, ETC. (IMPRINT)
Place of publication, distribution, etc. London :
Name of publisher, distributor, etc. Butterworths,
Date of publication, distribution, etc. 1985.
300 ## - PHYSICAL DESCRIPTION
Extent 159 p.
650 #0 - SUBJECT ADDED ENTRY--TOPICAL TERM
Topical term or geographic name as entry element Sanitary landfills.
-- 0000156266
650 #0 - SUBJECT ADDED ENTRY--TOPICAL TERM
Topical term or geographic name as entry element Sanitary engineering.
-- 0000156201
700 1# - ADDED ENTRY--PERSONAL NAME
Personal name Smith, Paul.
-- 0000156267
908 ## - PUT COMMAND PARAMETER (RLIN)
Put command parameter 070606
950 ## - LOCAL HOLDINGS (RLIN)
-- 1
Holdings
Withdrawn status Lost status Source of classification or shelving scheme Not for loan Home library Current library Date acquired Total Checkouts Full call number Barcode Date last seen Price effective from Koha item type
    Library of Congress Classification   Kabarak, Main Campus Kabarak, Main Campus 17/12/2015   TD795.7 .C73 009449 17/12/2015 17/12/2015 General Collection